000 00918nam a22002055i 4500
001 163512
003 ES-MaACL
005 20251015063144.0
008 001011s1862 fr |||| | fre d
040 _aEXT
_bspa
_cEXT
100 1 _aPaul, Jean,
_d1763-1825
_9149234
245 1 0 _aPoétique ou Introduction à l'esthétique /
_cpar Jean-Paul Fr. Richter ; traduite de l'allemand par Alexandre Büchner et Léon Dumont. précédée d'un essai sur Jean Paul et sa poétique : suivie de notes et de commentaires / par Alexandre Büchner et Léon Dumont,...
260 _aParis :
_bAuguste Durand,
_c1862 (
_fImp. de Ad. Lainé et J. Havard)
300 _a2 v. (VIII, 407; VIII, 443) ;
_c, 20 cm.
650 7 _aEstética
_2embne
_9142387
700 1 _aDumont, Léon.
_9147525
700 1 _aBüchner, Alexandre,
_d1827-1904
_9158449
852 _aES-MaACL
_jB-3078-79
_z-- Enc. hol.
999 _c163512
_d163512